[Event "Titled Tuesday intern op 12th Mar Early"]
[Site "Chess.com INT"]
[Date "2024.03.12"]
[Round "6"]
[White "Akhayan, Ruben"]
[Black "Khazhatuly, Alikhan"]
[Result "0-1"]
[WhiteElo "2260"]
[BlackElo "2020"]
[PlyCount "50"]
[EventDate "2024.03.12"]
[EventType "swiss (blitz)"]
[EventRounds "11"]
[EventCountry "USA"]
[SourceTitle "CB12_2024"]
[SourceDate "2023.10.01"]
[SourceVersion "1"]
[SourceVersionDate "2023.10.01"]
[SourceQuality "1"]

1. e4 c5 2. Nf3 e6 3. d4 cxd4 4. Nxd4 a6 5. Nb3 Nf6 6. e5 Nd5 7. c4 Nc7 8. Bd3 d6 9. exd6 Bxd6 10. 0-0 Nc6 11. Nc3 h6 12. Ne4 Be7 13. Qe2 b6 14. Be3 Bb7 15. Rfd1 Qb8 16. Rac1 b5 17. Bb1 bxc4 18. Rxc4 Nd5 19. Bc5 0-0 20. Qc2 f5 21. Ng3 Ne5 22. Ra4 Rc8 23. Qe2 Bxc5 24. Nxc5 Rxc5 25. Qxe5 Qxe5 0-1

[Event "Titled Tuesday intern op 12th Mar Early"]
[Site "Chess.com INT"]
[Date "2024.03.12"]
[Round "3"]
[White "Khazhatuly, Alikhan"]
[Black "Sattarov, Bobir"]
[Result "0-1"]
[WhiteElo "2020"]
[BlackElo "2351"]
[PlyCount "64"]
[EventDate "2024.03.12"]
[EventType "swiss (blitz)"]
[EventRounds "11"]
[EventCountry "USA"]
[SourceTitle "CB12_2024"]
[SourceDate "2023.10.01"]
[SourceVersion "1"]
[SourceVersionDate "2023.10.01"]
[SourceQuality "1"]

1. e4 e5 2. Nf3 Nc6 3. Nc3 Nf6 4. Bb5 Bd6 5. 0-0 0-0 6. h3 Nd4 7. Bc4 c6 8. d3 h6 9. Be3 Nxf3+ 10. Qxf3 Bc7 11. Bb3 b5 12. a3 d6 13. Qg3 Kh7 14. Qh4 Ng8 15. Qxd8 Bxd8 16. f4 Bf6 17. f5 Bg5 18. Bxg5 hxg5 19. Kf2 Bb7 20. g4 Nf6 21. Kg3 a6 22. Rh1 g6 23. h4 gxh4+ 24. Rxh4+ Kg7 25. Rah1 g5 26. Rh6 d5 27. exd5 cxd5 28. Bxd5 Bxd5 29. Nxd5 Nxd5 30. Rh7+ Kf6 31. R1h6+ Ke7 32. Rc6 Rfc8 0-1

[Event "Titled Tuesday intern op 13th Feb Early"]
[Site "Chess.com INT"]
[Date "2024.02.13"]
[Round "1"]
[White "Khazhatuly, Alikhan"]
[Black "Kacprzak, Kacper"]
[Result "0-1"]
[WhiteElo "1958"]
[BlackElo "2280"]
[PlyCount "80"]
[EventDate "2024.02.13"]
[EventType "swiss (blitz)"]
[EventRounds "11"]
[EventCountry "USA"]
[SourceTitle "CB08_2024"]
[SourceDate "2024.02.21"]
[SourceVersion "1"]
[SourceVersionDate "2024.02.21"]
[SourceQuality "1"]

1. e4 c5 2. Nf3 d6 3. d4 cxd4 4. Nxd4 Nf6 5. Nc3 a6 6. Be2 e6 7. 0-0 Be7 8. Be3 0-0 9. h3 Nc6 10. Qd2 Qc7 11. f4 b5 12. a3 Bb7 13. Bf3 Rac8 14. Rf2 Rfe8 15. g4 Na5 16. g5 Nc4 17. Qe2 Nd7 18. Nd1 Nxe3 19. Nxe3 e5 20. Ndf5 exf4 21. Nxe7+ Rxe7 22. Nf5 Re6 23. Qd2 Ne5 24. Bh1 Ng6 25. Qd4 Re5 26. h4 Qc5 27. Rd1 Rd8 28. h5 Nf8 29. Qxc5 Rxc5 30. Rxd6 Re8 31. c3 Ne6 32. g6 hxg6 33. hxg6 fxg6 34. Nd4 Ng5 35. Rxf4 Nh3+ 36. Kh2 Nxf4 37. Rb6 Bc8 38. Bf3 Rg5 39. Kh1 Kf7 40. e5 Rh8+ 0-1

[Event "Titled Tuesday intern op 13th Feb Early"]
[Site "Chess.com INT"]
[Date "2024.02.13"]
[Round "2"]
[White "Khazhatuly, Alikhan"]
[Black "Ozkan, Ervin"]
[Result "1-0"]
[WhiteElo "1958"]
[BlackElo "2147"]
[PlyCount "39"]
[EventDate "2024.02.13"]
[EventType "swiss (blitz)"]
[EventRounds "11"]
[EventCountry "USA"]
[SourceTitle "CB08_2024"]
[SourceDate "2024.02.21"]
[SourceVersion "1"]
[SourceVersionDate "2024.02.21"]
[SourceQuality "1"]

1. e4 e5 2. Nf3 Nf6 3. Nc3 Nc6 4. Bb5 Nd4 5. Bc4 Bc5 6. 0-0 d6 7. Nxd4 Bxd4 8. d3 0-0 9. Bg5 h6 10. Bxf6 Qxf6 11. Nd5 Qd8 12. c3 Bb6 13. Nxb6 axb6 14. f4 exf4 15. Rxf4 Be6 16. Qb3 Qe7 17. Raf1 Rfe8 18. Rxf7 Bxc4 19. Qxc4 Qe6 20. Rf8+ 1-0

[Event "Titled Tuesday intern op 13th Feb Early"]
[Site "Chess.com INT"]
[Date "2024.02.13"]
[Round "10"]
[White "Palencia Morales, Wilson Guillermo"]
[Black "Khazhatuly, Alikhan"]
[Result "0-1"]
[WhiteElo "2180"]
[BlackElo "1958"]
[PlyCount "146"]
[EventDate "2024.02.13"]
[EventType "swiss (blitz)"]
[EventRounds "11"]
[EventCountry "USA"]
[SourceTitle "CB08_2024"]
[SourceDate "2024.02.21"]
[SourceVersion "1"]
[SourceVersionDate "2024.02.21"]
[SourceQuality "1"]

1. d4 d5 2. c4 e6 3. Nf3 Nf6 4. Nc3 Be7 5. Bg5 0-0 6. e3 dxc4 7. Bxc4 h6 8. Bxf6 Bxf6 9. Qc2 Nd7 10. 0-0 c5 11. Ne4 cxd4 12. Nxf6+ Nxf6 13. Nxd4 Bd7 14. Qb3 b6 15. Rfd1 Qe7 16. Be2 e5 17. Nb5 Bxb5 18. Bxb5 Rac8 19. Ba6 Rc7 20. Rac1 Rd8 21. Rxc7 Qxc7 22. Rxd8+ Qxd8 23. Qd3 Qxd3 24. Bxd3 Kf8 25. a3 Ke7 26. Kf1 Nd7 27. Ke2 Kd6 28. b4 a5 29. Bc4 axb4 30. axb4 f6 31. Kd3 f5 32. f4 Nf6 33. h3 exf4 34. exf4 b5 35. Bxb5 Nd5 36. Kd4 Nxb4 37. g4 Nd5 38. gxf5 Nxf4 39. h4 Nh5 40. Ke4 Nf6+ 41. Kf4 Nd5+ 42. Kg4 Ke5 43. Bd3 Ne3+ 44. Kh5 Kf6 45. Be4 Nf1 46. Kg4 Nd2 47. Bd5 Nb1 48. Kf4 Nc3 49. Bc6 Ne2+ 50. Kg4 Nd4 51. Be4 Ke5 52. Bd3 Kf6 53. Kf4 Nc6 54. Be4 Ne7 55. Bc2 Nd5+ 56. Ke4 Ne7 57. Kf4 Nd5+ 58. Kf3 Ne7 59. Kg4 Ke5 60. Bd3 Nd5 61. Kh5 Nf4+ 62. Kg4 Nxd3 63. f6 Kxf6 64. Kf3 Ne5+ 65. Ke4 Nf7 66. Kf4 Nd8 67. Ke4 Ne6 68. Kd5 Kf5 69. Kd6 g5 70. Ke7 gxh4 71. Kf7 h3 72. Kg8 h2 73. Kh8 h1Q 0-1

[Event "Titled Tuesday intern op 06th Feb Early"]
[Site "Chess.com INT"]
[Date "2024.02.06"]
[Round "6"]
[White "Khazhatuly, Alikhan"]
[Black "Bartel, Michal"]
[Result "1-0"]
[WhiteElo "1958"]
[BlackElo "2246"]
[PlyCount "71"]
[EventDate "2024.02.06"]
[EventType "swiss (blitz)"]
[EventRounds "11"]
[EventCountry "USA"]
[SourceTitle "CB07_2024"]
[SourceDate "2024.02.14"]
[SourceVersion "1"]
[SourceVersionDate "2024.02.14"]
[SourceQuality "1"]

1. e4 d5 2. exd5 Qxd5 3. Nc3 Qd6 4. d4 c6 5. Nf3 Nf6 6. Bc4 Bf5 7. 0-0 e6 8. Ne5 Nbd7 9. Bf4 Qb4 10. Bb3 Nxe5 11. Bxe5 Be7 12. a3 Qb6 13. Re1 0-0 14. Qf3 Nd7 15. Rad1 Nxe5 16. dxe5 Rfd8 17. Ne4 h6 18. Nd6 Bxd6 19. exd6 Rd7 20. g4 Bg6 21. h4 Re8 22. h5 Bh7 23. Re2 Qc5 24. Qf4 b5 25. Re5 Qb6 26. g5 hxg5 27. Rxg5 Kh8 28. h6 f5 29. hxg7+ Rxg7 30. Qe5 Reg8 31. d7 Qd8 32. Rxg7 Rxg7+ 33. Kf1 Bg8 34. Rd3 Bf7 35. Rg3 Kg8 36. Qxg7# 1-0

[Event "Titled Tuesday intern op 06th Feb Early"]
[Site "Chess.com INT"]
[Date "2024.02.06"]
[Round "3"]
[White "Khazhatuly, Alikhan"]
[Black "Mgeladze, Kesaria"]
[Result "1-0"]
[WhiteElo "1958"]
[BlackElo "2040"]
[PlyCount "171"]
[EventDate "2024.02.06"]
[EventType "swiss (blitz)"]
[EventRounds "11"]
[EventCountry "USA"]
[SourceTitle "CB07_2024"]
[SourceDate "2024.02.14"]
[SourceVersion "1"]
[SourceVersionDate "2024.02.14"]
[SourceQuality "1"]

1. e4 c5 2. Nf3 Nc6 3. d4 cxd4 4. Nxd4 g6 5. c4 Nf6 6. Nc2 Nxe4 7. Be2 Bg7 8. 0-0 0-0 9. Nd2 Nxd2 10. Qxd2 d6 11. Bf3 Be6 12. Ne3 Rb8 13. Bd5 Bd7 14. Rb1 Nd4 15. b3 e6 16. Bb2 exd5 17. Bxd4 dxc4 18. Bxg7 Kxg7 19. Nxc4 Bf5 20. Rbd1 d5 21. Qxd5 Qf6 22. Qd4 Rfd8 23. Qxa7 Be4 24. Ne3 Ra8 25. Qc5 Rxd1 26. Rxd1 Rxa2 27. Ng4 Ra1 28. Ne3 Rxd1+ 29. Nxd1 Qa1 30. Qc3+ Qxc3 31. Nxc3 Bc6 32. f3 Kf6 33. Kf2 Ke5 34. Ke3 f5 35. f4+ Kd6 36. Kd4 Bxg2 37. b4 h6 38. h4 Bf3 39. Nb5+ Kc6 40. Nc3 Kd6 41. Nb5+ Ke6 42. Nc7+ Kd7 43. Nb5 Ke6 44. Nc7+ Kf6 45. Ne8+ Ke7 46. Nc7 Kf6 47. Ne8+ Kf7 48. Nd6+ Ke7 49. Nc4 Kf6 50. Ne5 Be4 51. Nd7+ Ke7 52. Ne5 Kf6 53. Nd7+ Kg7 54. Ke5 Bc6 55. Nc5 Bf3 56. Ke6 g5 57. hxg5 hxg5 58. fxg5 Kg6 59. Nd3 Kxg5 60. Ke5 Be4 61. Nf4 Bc6 62. Ne6+ Kg4 63. Nf4 Be4 64. Ne6 b5 65. Nd4 Bd3 66. Ne6 Bc4 67. Nf4 Kg5 68. Ng2 Bd3 69. Nf4 Be4 70. Ne6+ Kg4 71. Nf4 Kf3 72. Ne6 Ke3 73. Nd4 f4 74. Nxb5 f3 75. Nc3 f2 76. Nd1+ Kf3 77. Nxf2 Bb7 78. Nd3 Ke3 79. Nc5 Bc6 80. Kd6 Bh1 81. b5 Kd4 82. b6 Kc4 83. Ne6 Kb5 84. Kc7 Ka6 85. Nd8 Ba8 86. Nc6 1-0

[Event "World Amateur-ch U2000"]
[Site "Muscat"]
[Date "2023.11.08"]
[Round "7.3"]
[White "Heinichen Rodas, John Derek"]
[Black "Khazhatuly, Alikhan"]
[Result "1/2-1/2"]
[WhiteElo "1951"]
[BlackElo "1930"]
[PlyCount "68"]
[EventDate "2023.11.02"]
[EventType "swiss"]
[EventRounds "9"]
[EventCountry "OMN"]
[SourceTitle "CB46_2023"]
[SourceDate "2023.11.15"]
[SourceVersion "1"]
[SourceVersionDate "2023.11.15"]
[SourceQuality "1"]

1. e4 c5 2. Nf3 e6 3. d4 cxd4 4. Nxd4 a6 5. Bd3 Qc7 6. Nc3 Nf6 7. 0-0 Nc6 8. Nb3 b5 9. f4 d6 10. Qf3 Bb7 11. Bd2 Be7 12. Rae1 h5 13. Qg3 Ng4 14. e5 dxe5 15. f5 Bc8 16. fxe6 Bxe6 17. Be4 Rd8 18. Qf3 Nd4 19. Nxd4 Bc5 20. Nd5 Bxd4+ 21. Kh1 Bxd5 22. Bxd5 0-0 23. Be4 Qd6 24. Ba5 Rde8 25. h3 Nf6 26. c3 Nxe4 27. Rxe4 Bc5 28. Qxh5 Qd3 29. Rfe1 Bf2 30. Qe2 Qg3 31. Rg4 Bxe1 32. Rxg3 Bxg3 33. Bb4 f5 34. Bxf8 Kxf8 1/2-1/2

[Event "World Amateur-ch U2000"]
[Site "Muscat"]
[Date "2023.11.04"]
[Round "3.11"]
[White "Hrebicek, Petr"]
[Black "Khazhatuly, Alikhan"]
[Result "0-1"]
[WhiteElo "1760"]
[BlackElo "1930"]
[PlyCount "94"]
[EventDate "2023.11.02"]
[EventType "swiss"]
[EventRounds "9"]
[EventCountry "OMN"]
[SourceTitle "CB46_2023"]
[SourceDate "2023.11.15"]
[SourceVersion "1"]
[SourceVersionDate "2023.11.15"]
[SourceQuality "1"]

1. e4 c5 2. Be2 Nc6 3. d3 e6 4. f4 d5 5. Nf3 Be7 6. 0-0 Qb6 7. Kh1 Nf6 8. e5 Ng4 9. c3 Bd7 10. d4 h5 11. Na3 cxd4 12. cxd4 Nh6 13. Nc2 Nf5 14. b4 Nxb4 15. Nxb4 Qxb4 16. a4 Qc3 17. Bd2 Qc7 18. Rc1 Bc6 19. Bb5 a6 20. Bxc6+ bxc6 21. Qc2 Rc8 22. Qd3 Qa7 23. Rc2 h4 24. Rfc1 c5 25. dxc5 Rxc5 26. Ng5 Rxc2 27. Qxc2 Bxg5 28. Qc6+ Qd7 29. fxg5 Qxc6 30. Rxc6 Kd7 31. Rxa6 Rb8 32. Ra7+ Kc6 33. Kg1 Rb2 34. Ba5 d4 35. Rxf7 Ra2 36. Rc7+ Kd5 37. Rd7+ Ke4 38. g4 hxg3 39. hxg3 Rxa4 40. Bc7 Kf3 41. Kh2 Kg4 42. g6 Ra7 43. Kg2 Ra2+ 44. Kf1 Nxg3+ 45. Ke1 Nf5 46. Rd6 Kf3 47. Rxe6 Ne3 0-1

[Event "Asia-ch Amateur"]
[Site "Dubai"]
[Date "2023.08.31"]
[Round "6"]
[White "Liyanage, Pesandu Rashmitha"]
[Black "Khazhatuly, Alikhan"]
[Result "1/2-1/2"]
[WhiteElo "1830"]
[BlackElo "1895"]
[PlyCount "196"]
[EventDate "2023.08.28"]
[EventType "swiss"]
[EventRounds "9"]
[EventCountry "UAE"]
[SourceTitle "EXT 2024"]
[Source "ChessBase"]
[SourceDate "2023.10.10"]
[SourceVersion "1"]
[SourceVersionDate "2023.10.10"]
[SourceQuality "1"]

1. d4 d5 2. Bf4 Nf6 3. e3 c5 4. c3 Nc6 5. Nd2 e6 6. Ngf3 Bd6 7. Bg3 Bxg3 8. hxg3 Qe7 9. Ne5 cxd4 10. exd4 Nd7 11. Ndf3 Ndxe5 12. Nxe5 Nxe5 13. dxe5 Qc7 14. Qd4 Bd7 15. Bd3 h6 16. Rh5 Qb6 17. Qxb6 axb6 18. a3 Ke7 19. Kd2 Bc6 20. Ke3 Rhd8 21. Rd1 Ba4 22. Rdh1 Bc6 23. R1h4 Ra5 24. Rb4 b5 25. Rhh4 Rc8 26. f3 Bd7 27. Rbg4 Kf8 28. Rb4 Ke7 29. Be2 Rc5 30. Bd3 Rc8 31. Rh5 Kf8 32. g4 Be8 33. Rh4 Ke7 34. f4 Ra4 35. Rxa4 bxa4 36. g5 hxg5 37. fxg5 Rc5 38. Rb4 Bc6 39. Kd4 Ra5 40. Bc2 g6 41. g3 Kf8 42. Bd3 Ke7 43. Be2 Ke8 44. Ke3 Kf8 45. Bf3 Kg7 46. Rb6 Rc5 47. Be2 Ra5 48. Kd4 Kf8 49. Bf3 Kg7 50. c4 dxc4 51. Bxc6 bxc6 52. Rxc6 Rd5+ 53. Ke4 Rb5 54. Rxc4 Rxb2 55. Rxa4 Rg2 56. Kf3 Rb2 57. Re4 Ra2 58. a4 Ra3+ 59. Kf2 Kf8 60. g4 Ke7 61. Ke2 Kd7 62. Rc4 Kd8 63. Kd2 Kd7 64. Kc2 Re3 65. Rc5 Rg3 66. a5 Rxg4 67. Kb3 Rxg5 68. a6 Rg1 69. Kb4 Rb1+ 70. Ka5 Ra1+ 71. Kb6 Rb1+ 72. Ka7 Rb2 73. Ka8 Rb6 74. Ka7 Rb1 75. Rc4 Rb2 76. Ka8 Rb6 77. a7 Rb1 78. Rf4 Ke7 79. Rh4 Kd7 80. Rh8 Kc6 81. Rb8 Ra1 82. Rf8 Kd5 83. Kb7 Kxe5 84. Rxf7 g5 85. a8Q Rxa8 86. Kxa8 g4 87. Kb7 g3 88. Rf3 g2 89. Rg3 Kf4 90. Rxg2 e5 91. Kc6 e4 92. Kd5 e3 93. Kd4 Kf3 94. Rg8 e2 95. Rf8+ Kg2 96. Re8 Kf2 97. Kd3 e1Q 98. Rxe1 Kxe1 1/2-1/2

[Event "Asia-ch Amateur"]
[Site "Dubai"]
[Date "2023.08.28"]
[Round "1"]
[White "Khazhatuly, Alikhan"]
[Black "Ali, Zenalabeden Hamed"]
[Result "1-0"]
[WhiteElo "1895"]
[BlackElo "1544"]
[PlyCount "79"]
[EventDate "2023.08.28"]
[EventType "swiss"]
[EventRounds "9"]
[EventCountry "UAE"]
[SourceTitle "EXT 2024"]
[Source "ChessBase"]
[SourceDate "2023.10.10"]
[SourceVersion "1"]
[SourceVersionDate "2023.10.10"]
[SourceQuality "1"]

1. e4 d6 2. d4 Nf6 3. Nc3 g6 4. f3 c6 5. Be3 b5 6. a3 Nbd7 7. Bd3 Bg7 8. Qd2 e5 9. Nge2 Bb7 10. 0-0 0-0 11. Kh1 a6 12. dxe5 dxe5 13. Rad1 Re8 14. Ng3 Nf8 15. Qf2 Qc8 16. a4 Ne6 17. Rfe1 Qc7 18. Nf1 Nh5 19. Nd2 Nd4 20. Ne2 Ne6 21. Nb3 Bf8 22. Bb6 Qe7 23. Nc3 Rac8 24. Be3 Red8 25. Bb6 Rd7 26. Be2 Rxd1 27. Rxd1 Nhf4 28. Bf1 g5 29. g3 Nh5 30. Bh3 Nhg7 31. Nc5 Nxc5 32. Bxc5 Qxc5 33. Qxc5 Bxc5 34. Bxc8 Bxc8 35. Rd8+ Bf8 36. Rxc8 Ne6 37. Rxc6 b4 38. Nd5 Nd4 39. Rxa6 Nxc2 40. Rb6 1-0

[Event "Asian Continental op 20th"]
[Site "Almaty"]
[Date "2023.06.10"]
[Round "8"]
[White "Khazhatuly, Alikhan"]
[Black "Orozbaev, Eldiar"]
[Result "0-1"]
[WhiteElo "1799"]
[BlackElo "2267"]
[PlyCount "54"]
[EventDate "2023.06.04"]
[EventType "swiss"]
[EventRounds "9"]
[EventCountry "KAZ"]
[SourceTitle "CBM 214 Extra"]
[Source "ChessBase"]
[SourceDate "2023.07.31"]
[SourceVersion "1"]
[SourceVersionDate "2023.07.31"]
[SourceQuality "1"]

1. e4 c5 2. Nf3 d6 3. d4 cxd4 4. Nxd4 Nf6 5. Nc3 Nc6 6. Bg5 Bd7 7. f4 Qb6 8. Bxf6 gxf6 9. Nb3 Bg7 10. Nd5 Qd8 11. c3 f5 12. exf5 Bxf5 13. Bd3 Bxd3 14. Qxd3 e6 15. Ne3 Qh4+ 16. g3 Qe7 17. 0-0-0 0-0-0 18. Rhe1 Qc7 19. Kb1 h5 20. Nc2 h4 21. Ncd4 d5 22. Nxc6 Qxc6 23. Nd4 Qc7 24. Nf3 hxg3 25. hxg3 Rhe8 26. Re2 Qe7 27. Rde1 Kb8 0-1

[Event "Asian Continental op 20th"]
[Site "Almaty"]
[Date "2023.06.08"]
[Round "6"]
[White "Khazhatuly, Alikhan"]
[Black "Asylov, Miras"]
[Result "1/2-1/2"]
[WhiteElo "1799"]
[BlackElo "2017"]
[PlyCount "54"]
[EventDate "2023.06.04"]
[EventType "swiss"]
[EventRounds "9"]
[EventCountry "KAZ"]
[SourceTitle "CBM 214 Extra"]
[Source "ChessBase"]
[SourceDate "2023.07.31"]
[SourceVersion "1"]
[SourceVersionDate "2023.07.31"]
[SourceQuality "1"]

1. e4 c6 2. d4 d5 3. e5 Bf5 4. g4 Bd7 5. c4 e6 6. Nc3 Ne7 7. Nf3 dxc4 8. Bxc4 Nd5 9. Bd3 Nxc3 10. bxc3 c5 11. Be4 Bc6 12. Bxc6+ Nxc6 13. Qb3 Qd7 14. Rb1 b6 15. Be3 cxd4 16. cxd4 Bb4+ 17. Kf1 0-0 18. Kg2 Be7 19. h4 Nb4 20. Bd2 Nd5 21. Rbe1 a5 22. Qd3 Qb7 23. Qe4 Rab8 24. Rh3 Nb4 25. Qb1 Nd5 26. Qe4 Nb4 27. Qb1 Nd5 1/2-1/2

[Event "Asian Continental op 20th"]
[Site "Almaty"]
[Date "2023.06.06"]
[Round "4"]
[White "Tleukhanov, Yerlan"]
[Black "Khazhatuly, Alikhan"]
[Result "1/2-1/2"]
[WhiteElo "1959"]
[BlackElo "1799"]
[PlyCount "91"]
[EventDate "2023.06.04"]
[EventType "swiss"]
[EventRounds "9"]
[EventCountry "KAZ"]
[SourceTitle "CBM 214 Extra"]
[Source "ChessBase"]
[SourceDate "2023.07.31"]
[SourceVersion "1"]
[SourceVersionDate "2023.07.31"]
[SourceQuality "1"]

1. e4 c5 2. Nc3 e6 3. Nge2 Nc6 4. g3 Nge7 5. Bg2 Nd4 6. 0-0 Nec6 7. d3 Be7 8. Be3 d6 9. a3 a6 10. b4 Nxe2+ 11. Qxe2 Bf6 12. Qd2 0-0 13. Rfb1 Bd4 14. Ra2 Qc7 15. Ne2 e5 16. c3 Bxe3 17. Qxe3 Be6 18. Rc2 b6 19. Kh1 Rfd8 20. Ng1 a5 21. bxc5 bxc5 22. f4 Rab8 23. Rxb8 Rxb8 24. f5 Bb3 25. f6 gxf6 26. Rf2 Kg7 27. g4 Qe7 28. Ne2 Bd1 29. Ng3 Bxg4 30. h3 Be6 31. Nh5+ Kh8 32. Qh6 Qf8 33. Qxf6+ Kg8 34. Qg5+ Kh8 35. Qf6+ Kg8 36. Bf3 Ne7 37. Bg4 Bxg4 38. hxg4 Ng6 39. Rh2 Rb1+ 40. Kg2 Rb2+ 41. Kg3 Rxh2 42. Kxh2 Qh6 43. Kh1 Qc1+ 44. Kh2 Qd2+ 45. Kh1 Qe1+ 46. Kh2 1/2-1/2

[Event "Wch U12"]
[Site "Batumi"]
[Date "2022.09.26"]
[Round "10"]
[White "Khazhatuly, Alikhan"]
[Black "Durucay, Uygar"]
[Result "0-1"]
[WhiteElo "1611"]
[BlackElo "1918"]
[PlyCount "76"]
[EventDate "2022.09.16"]
[EventType "swiss"]
[EventRounds "11"]
[EventCountry "GEO"]
[SourceTitle "EXT 2023"]
[Source "ChessBase"]
[SourceDate "2022.10.05"]
[SourceVersion "1"]
[SourceVersionDate "2022.10.05"]
[SourceQuality "1"]

1. e4 c6 2. d4 d5 3. e5 Bf5 4. g4 Bd7 5. f3 e6 6. Ne2 c5 7. c3 Nc6 8. Be3 cxd4 9. cxd4 Qb6 10. Kf2 Na5 11. b3 Rc8 12. Nd2 Ba3 13. Rb1 Bb4 14. Rc1 Nc6 15. Nb1 f6 16. f4 Qa5 17. Rc2 Be7 18. Ng3 fxe5 19. fxe5 Nh6 20. Be2 0-0+ 21. Kg2 Bh4 22. a3 Qd8 23. Qc1 Nf7 24. Nd2 Ng5 25. Nf3 Nxf3 26. Bxf3 Qb6 27. Rc3 Na5 28. Bd1 Be7 29. Rf1 Rxc3 30. Rxf8+ Bxf8 31. Qxc3 Bxa3 32. Bc2 Be8 33. Ne2 Bb4 34. Qb2 Nc6 35. Kf3 Qd8 36. Nf4 Qh4 37. Bd3 g5 38. Bf2 Qh6 0-1

[Event "Wch U12"]
[Site "Batumi"]
[Date "2022.09.19"]
[Round "4"]
[White "Khoury, Theo"]
[Black "Khazhatuly, Alikhan"]
[Result "1/2-1/2"]
[WhiteElo "1813"]
[BlackElo "1611"]
[PlyCount "85"]
[EventDate "2022.09.16"]
[EventType "swiss"]
[EventRounds "11"]
[EventCountry "GEO"]
[SourceTitle "EXT 2023"]
[Source "ChessBase"]
[SourceDate "2022.10.05"]
[SourceVersion "1"]
[SourceVersionDate "2022.10.05"]
[SourceQuality "1"]

1. e4 c5 2. Nf3 e6 3. c3 Nf6 4. e5 Nd5 5. d4 cxd4 6. cxd4 Nc6 7. Bc4 Nb6 8. Bb3 d6 9. 0-0 dxe5 10. dxe5 Qxd1 11. Rxd1 Nd7 12. Nc3 a6 13. Bf4 Nc5 14. Na4 Nxa4 15. Bxa4 b5 16. Rac1 Bb7 17. Bb3 Be7 18. Rd2 Rd8 19. Rcd1 Rxd2 20. Rxd2 Bb4 21. Rd3 h6 22. a3 Ba5 23. Be3 Bc7 24. Bf4 g5 25. Bg3 Ke7 26. Kf1 Rd8 27. Rxd8 Nxd8 28. h4 Bxf3 29. gxf3 Nc6 30. f4 gxf4 31. Bxf4 Bxe5 32. Bxh6 Nd4 33. Bd1 Nf5 34. Bc1 Nxh4 35. Bg5+ Bf6 36. Bxh4 Bxh4 37. a4 Kd6 38. axb5 axb5 39. Bh5 f5 40. Bf7 Ke7 41. Bg8 b4 42. b3 Kd6 43. f3 1/2-1/2

[Event "Wch U12"]
[Site "Batumi"]
[Date "2022.09.18"]
[Round "3"]
[White "Mompel Ferruz, Xavier"]
[Black "Khazhatuly, Alikhan"]
[Result "1/2-1/2"]
[WhiteElo "2096"]
[BlackElo "1611"]
[PlyCount "67"]
[EventDate "2022.09.16"]
[EventType "swiss"]
[EventRounds "11"]
[EventCountry "GEO"]
[SourceTitle "EXT 2023"]
[Source "ChessBase"]
[SourceDate "2022.10.05"]
[SourceVersion "1"]
[SourceVersionDate "2022.10.05"]
[SourceQuality "1"]

1. e4 c5 2. Nf3 e6 3. d4 cxd4 4. Nxd4 a6 5. c4 Nf6 6. Nc3 Qc7 7. a3 Be7 8. Be2 Nc6 9. Be3 0-0 10. 0-0 d6 11. Qc2 Ne5 12. Rfc1 Neg4 13. Bg5 h6 14. Bh4 Ne5 15. f4 Ned7 16. Bf2 b6 17. b4 Bb7 18. Bf3 Rac8 19. Rab1 Qb8 20. Qe2 Rfd8 21. g3 Rc7 22. Nb3 Rdc8 23. Na4 Bc6 24. b5 axb5 25. cxb5 Ba8 26. Qe3 Rxc1+ 27. Rxc1 Nc5 28. Naxc5 dxc5 29. Rc4 Rd8 30. a4 Ne8 31. e5 Nc7 32. Qe2 Bd5 33. Bxd5 Rxd5 34. Rc1 1/2-1/2

[Event "Eastern Asia-ch U12"]
[Site "Tornelo INT"]
[Date "2021.10.29"]
[Round "1"]
[White "Khazhatuly, Alikhan"]
[Black "Anurag, Bhattacharjee"]
[Result "1-0"]
[WhiteElo "1560"]
[BlackElo "1075"]
[PlyCount "61"]
[EventDate "2021.10.29"]
[EventType "swiss"]
[EventRounds "9"]
[EventCountry "NET"]
[SourceTitle "EXT 2023"]
[Source "ChessBase"]
[SourceDate "2022.10.05"]
[SourceVersion "1"]
[SourceVersionDate "2022.10.05"]
[SourceQuality "1"]

1. e4 e5 2. Nf3 d6 3. d4 Nd7 4. Nc3 c6 5. Be3 Be7 6. Bc4 h6 7. Qe2 Ngf6 8. 0-0-0 Qc7 9. h3 Nf8 10. g4 Ng6 11. g5 Ng8 12. h4 h5 13. Nd2 Bd7 14. Rdf1 Rh7 15. f4 exf4 16. Bf2 Bg4 17. Qd3 Bf8 18. Re1 0-0-0 19. Bb3 Kb8 20. Qc4 Rd7 21. Kb1 Be6 22. d5 Ne5 23. Qa4 b5 24. Qxa7+ Qxa7 25. Bxa7+ Rxa7 26. dxe6 fxe6 27. Bxe6 Ne7 28. Ne2 f3 29. Nd4 Rb7 30. N2xf3 Nxf3 31. Nxf3 1-0

[Event "Almaty Fizmat op"]
[Site "Almaty"]
[Date "2021.10.10"]
[Round "9"]
[White "Mamedov, Edgar"]
[Black "Khazhatuly, Alikhan"]
[Result "1-0"]
[WhiteElo "2086"]
[BlackElo "1559"]
[PlyCount "85"]
[EventDate "2021.10.08"]
[EventType "swiss (rapid)"]
[EventRounds "9"]
[EventCountry "KAZ"]
[SourceTitle "EXT 2023"]
[Source "ChessBase"]
[SourceDate "2022.10.05"]
[SourceVersion "1"]
[SourceVersionDate "2022.10.05"]
[SourceQuality "1"]

1. d4 d5 2. c4 c6 3. Nf3 Nf6 4. Nc3 Bf5 5. cxd5 cxd5 6. Qb3 Qb6 7. Nxd5 Nxd5 8. Qxd5 e6 9. Qb3 Bb4+ 10. Bd2 Nc6 11. e3 Bxd2+ 12. Nxd2 Nb4 13. Rc1 0-0 14. Bc4 Qa5 15. a3 Nd5 16. Qb5 Qxb5 17. Bxb5 Rfc8 18. Ke2 a6 19. Bd3 Bxd3+ 20. Kxd3 Kf8 21. g4 Ke7 22. h4 h6 23. Ne4 f5 24. gxf5 exf5 25. Nd2 Nf6 26. Rhg1 Kf7 27. Nc4 Kg8 28. Nd6 Rxc1 29. Rxc1 b5 30. Nxf5 Rf8 31. Rg1 Nh5 32. Nxh6+ Kh7 33. Ng4 a5 34. f4 b4 35. a4 Rc8 36. Ne5 Nf6 37. Nc4 Nd5 38. Rg5 Ne7 39. Rxa5 Ng6 40. Rb5 Nxh4 41. Rh5+ Kg8 42. Rxh4 b3 43. Rh1 1-0

[Event "Almaty Fizmat op"]
[Site "Almaty"]
[Date "2021.10.09"]
[Round "6"]
[White "Zamanbek, Mereilim"]
[Black "Khazhatuly, Alikhan"]
[Result "0-1"]
[WhiteElo "1489"]
[BlackElo "1559"]
[PlyCount "74"]
[EventDate "2021.10.08"]
[EventType "swiss (rapid)"]
[EventRounds "9"]
[EventCountry "KAZ"]
[SourceTitle "EXT 2023"]
[Source "ChessBase"]
[SourceDate "2022.10.05"]
[SourceVersion "1"]
[SourceVersionDate "2022.10.05"]
[SourceQuality "1"]

1. e4 c5 2. Nf3 e6 3. d4 cxd4 4. Nxd4 a6 5. Nc3 Qc7 6. Qd3 Nf6 7. Qg3 d6 8. Be3 Nbd7 9. Be2 b5 10. a3 Bb7 11. f3 Ne5 12. 0-0 Nc4 13. Bxc4 Qxc4 14. Nb3 Qc7 15. Rad1 Rc8 16. Rf2 d5 17. e5 Nd7 18. f4 g6 19. Bd4 Nc5 20. Nxc5 Bxc5 21. Ne2 Be7 22. Bc3 Qd8 23. Qd3 Rc4 24. Nd4 Qb6 25. Kh1 0-0 26. Rf3 Rfc8 27. Qe3 Qc7 28. Rh3 Bf8 29. Qg3 Bg7 30. Qh4 h6 31. Qg4 Qb6 32. Rg3 a5 33. f5 exf5 34. Nxf5 Rxg4 35. Ne7+ Kh7 36. Nxc8 Bxc8 37. Rxg4 Bxg4 0-1